| 000 | 00532nam a2200217Ia 4500 | ||
|---|---|---|---|
| 003 | 0100 | ||
| 008 | 130303s9999 xx 000 0 und d | ||
| 020 | _a0802849067 | ||
| 040 | _cARRUPELIB | ||
| 050 | _aK447.T45P67 2004 | ||
| 100 | _aPorter, Jean | ||
| 245 | _aNature as reason | ||
| 245 | _ba Thomistic theory of the Natural Law | ||
| 260 | _aMichigan | ||
| 260 | _bWilliam B. Eerdmans Publishing Company | ||
| 260 | _C2004 | ||
| 300 | _a420p. | ||
| 300 | _b 24cm | ||
| 650 | _bOgilvie, John, St | ||
| 942 |
_2lcc _02 |
||
| 999 |
_c58683 _d58683 |
||